| 000 | 00593nam a2200205 4500 | ||
|---|---|---|---|
| 003 | OSt | ||
| 005 | 20240624050832.0 | ||
| 006 | a | ||
| 008 | 240624b |||||||| |||| 00| 0 eng d | ||
| 020 | _a9789712725159 | ||
| 040 |
_aDWCL-Main lib. _cOC |
||
| 082 | _aFil. 516.24 C114s 2012 | ||
| 100 | _aCabero, Jonathan B. | ||
| 245 | _aSolved problems in trigonometry / | ||
| 260 |
_aMandaluyong City : _bAnvil Pub. Inc. , _cc2012. |
||
| 300 |
_avii, _b107 p. : ill. ; _c26 cm. |
||
| 504 | _aIncludes bibliographical references. | ||
| 650 | _a1. Trigonometry. | ||
| 942 |
_2ddc _n0 _cBK - FIL _kFil. |
||
| 999 |
_c1212 _d1212 |
||